La pequeña y mediana propiedad y su relación con los antecedentes de las pymes en Costa Rica: 1813-1920 /
El artículo examina la evolución de las pequeñas y medianas propiedades en Costa Rica y su relación con el surgimiento de las pymes durante el período de 1813 a 1920. El estudio se centra en el contexto histórico y socioeconómico de Costa Rica y analiza cómo las condiciones políticas, legales y econ...
Uloženo v:
| Hlavní autor: | |
|---|---|
| Médium: | Kniha |
| Jazyk: | Spanish |
| Témata: | |
| On-line přístup: | texto completo desde el sitio de la revista |
| Tagy: |
Přidat tag
Žádné tagy, Buďte první, kdo vytvoří štítek k tomuto záznamu!
|
MARC
| LEADER | 00000nam a22000007a 4500 | ||
|---|---|---|---|
| 003 | cru CIDCACS/IIS | ||
| 005 | 20230902220434.0 | ||
| 007 | ta | ||
| 008 | 190926t2018 cr |||p|r||||||0| ||spa|d | ||
| 040 | |c cru CIDCACS/IIS | ||
| 100 | 1 | |9 8621 |a Cousin Brenes, Kathia | |
| 245 | 1 | 3 | |a La pequeña y mediana propiedad y su relación con los antecedentes de las pymes en Costa Rica: |b 1813-1920 / |c Kathia Cousin Brenes |
| 300 | |a 149-168 páginas: |b tabla | ||
| 520 | |a El artículo examina la evolución de las pequeñas y medianas propiedades en Costa Rica y su relación con el surgimiento de las pymes durante el período de 1813 a 1920. El estudio se centra en el contexto histórico y socioeconómico de Costa Rica y analiza cómo las condiciones políticas, legales y económicas influyeron en el desarrollo de las pymes en el país. Además, se exploran los antecedentes de las pymes en términos de propiedad, estructura empresarial y relaciones laborales. El artículo ofrece una visión histórica que ayuda a comprender la importancia de las pymes en el contexto costarricense y su contribución al desarrollo económico.RAR 04/2023 | ||
| 650 | 0 | |2 OCDE |9 11620 |a COSTA RICA | |
| 650 | 0 | |2 OCDE |9 7266 |a PROPIEDAD | |
| 650 | 0 | |2 OCDE |9 2799 |a RELACIONES LABORALES | |
| 650 | 0 | |2 OCDE |9 2142 |a DESARROLLO ECONOMICO | |
| 773 | 0 | |0 18728 |9 3111 |a Briceño Arango, David |d San José, Costa Rica Editorial UCR 1956- |o 19047 |t Revista de Ciencias Sociales/ |x 04825276 | |
| 856 | |u https://revistas.ucr.ac.cr/index.php/sociales/article/view/36589/37276 |y texto completo desde el sitio de la revista | ||
| 942 | |2 ddc |c PP | ||
| 999 | |c 42417 |d 42417 | ||
